000 01608nam0a22002891 4500
001 rc\4440990
005 20260406200425.0
021 _aRU
_b[68-37871]
035 _a(NLR Aleph) 008581625
090 _a8588756
_c8588756
100 _a20130416d1968 |||y0rusy50 ca
101 0 _arus
102 _aRU
105 _ay z |||||
200 1 _aИнструктивно-методическое письмо по профилактике и лечению нарушений функции вестибулярного анализатора после слуховосстановительных операций на стремени и овальном окне
_fСост. Г.Э. Тимен
_gПод ред. д-ра мед. наук Е.А. Евдощенко
_gКиевский науч.-исслед. ин-т отоларингологии М-ва здравоохранения УССР
210 _aКиев
_cБ. и.
_d1968
215 _a16 с.
_d20
606 _aУхо
_xХирургия восстановительная
_xОсложнения и последствия
_xПрофилактика и борьба
_2psbo
606 _aВестибулярный анализатор
_xРасстройства
_xПрофилактика и борьба
_2psbo
702 1 _aТимен
_bГ.Э.
_4220
702 1 _aЕвдощенко
_bЕ.А.
_4340
712 0 2 _aКиевский НИИ отоларингологии им. А. И. Коломийченко
_3RU\NLR\AUTH\889959911
_9416060
801 0 _aRU
_bNLR
_gpsbo
801 1 _aRU
_bELAR
_2rusmarc
852 _aNLR
_j68-4/9725
942 _cBOOK
980 _aNB